[Event "Nizhnij Novgorod Region-ch"]
[Site "Nizhnij Novgorod"]
[Date "2007.10.??"]
[Round "?"]
[White "Novgorodskij, Vladimir"]
[Black "Sergeev, Gennady"]
[Result "0-1"]
[WhiteElo "2380"]
[BlackElo "2090"]
[PlyCount "76"]
[EventDate "2007.10.??"]
[EventType "swiss"]
[EventRounds "9"]
[EventCountry "RUS"]
[SourceTitle "EXT 2009"]
[Source "ChessBase"]
[SourceDate "2008.11.26"]
[SourceVersion "1"]
[SourceVersionDate "2008.11.26"]
[SourceQuality "1"]

1. e4 e5 2. Nf3 Nc6 3. Bb5 a6 4. Ba4 d6 5. 0-0 Bd7 6. c3 Nf6 7. Re1 g6 8. d4 Bg7 9. d5 Ne7 10. c4 0-0 11. Nc3 Nh5 12. Bc2 f5 13. exf5 Nxf5 14. Bg5 Bf6 15. Bxf6 Qxf6 16. Ne4 Qe7 17. Ng3 Nh4 18. Nxh4 Qxh4 19. Be4 Nf4 20. c5 Rf7 21. Rc1 Raf8 22. cxd6 cxd6 23. Rc2 Qg5 24. Kh1 h5 25. f3 h4 26. Nf1 Bf5 27. Bxf5 gxf5 28. Ne3 Rg7 29. Qd2 e4 30. Rf1 Re8 31. fxe4 Rxe4 32. Qf2 Rge7 33. Rc3 Rxe3 34. Rc8+ Kg7 35. h3 Re2 36. Qd4+ R7e5 37. Rg1 Rxg2 38. Rcc1 Qg3 0-1

[Event "Nizhnij Novgorod Region-ch"]
[Site "Nizhnij Novgorod"]
[Date "2007.10.??"]
[Round "?"]
[White "Sergeev, Gennady"]
[Black "Anisimov, Aleksander"]
[Result "0-1"]
[WhiteElo "2090"]
[BlackElo "2282"]
[PlyCount "80"]
[EventDate "2007.10.??"]
[EventType "swiss"]
[EventRounds "9"]
[EventCountry "RUS"]
[SourceTitle "EXT 2009"]
[Source "ChessBase"]
[SourceDate "2008.11.26"]
[SourceVersion "1"]
[SourceVersionDate "2008.11.26"]
[SourceQuality "1"]

1. e4 c5 2. Nf3 Nc6 3. d4 cxd4 4. Nxd4 e5 5. Nb5 d6 6. c4 Be7 7. b3 Nf6 8. f3 0-0 9. Ba3 Ne8 10. Be2 Be6 11. 0-0 a6 12. N5c3 Nd4 13. f4 Nxe2+ 14. Nxe2 exf4 15. Rxf4 Bf6 16. Nbc3 Be5 17. Rf1 Nf6 18. Qe1 Qb6+ 19. Kh1 Qa5 20. Bb2 Nxe4 21. Nxe4 Qxe1 22. Raxe1 Bxb2 23. Nxd6 Ba3 24. Nf5 Bxf5 25. Rxf5 Rae8 26. Kg1 Bb4 27. Kf1 Bxe1 28. Kxe1 Re7 29. Rd5 Rfe8 30. Rd2 b5 31. c5 b4 32. Kd1 Rc7 33. Rd4 a5 34. Rd5 Rec8 35. c6 Rxc6 36. Rxa5 Rd6+ 37. Ke1 Re8 38. Rc5 g6 39. g3 f5 40. Rc2 Rde6 0-1

[Event "Nizhnij Novgorod Region-ch"]
[Site "Nizhnij Novgorod"]
[Date "2007.10.??"]
[Round "?"]
[White "Skomorokhin, Roman"]
[Black "Sergeev, Gennady"]
[Result "1-0"]
[WhiteElo "2373"]
[BlackElo "2090"]
[PlyCount "77"]
[EventDate "2007.10.??"]
[EventType "swiss"]
[EventRounds "9"]
[EventCountry "RUS"]
[SourceTitle "EXT 2009"]
[Source "ChessBase"]
[SourceDate "2008.11.26"]
[SourceVersion "1"]
[SourceVersionDate "2008.11.26"]
[SourceQuality "1"]

1. d4 Nf6 2. c4 g6 3. g3 Bg7 4. Bg2 d6 5. Nf3 c5 6. 0-0 cxd4 7. Nxd4 0-0 8. Nc3 a6 9. b3 Qc7 10. Bg5 e6 11. Rc1 Bd7 12. Qd2 Nc6 13. Rfd1 Ne8 14. Nxc6 Bxc6 15. Nd5 Bxd5 16. cxd5 Qd7 17. Bh3 f5 18. dxe6 Qxe6 19. Bg2 Qd7 20. Qd5+ Rf7 21. Qc4 h6 22. Bf4 Kh7 23. h4 Rd8 24. e4 Qe7 25. exf5 Rxf5 26. Be4 Rxf4 27. gxf4 Nf6 28. Bf3 b5 29. Qd3 h5 30. Rc6 Ng4 31. Bxg4 hxg4 32. h5 Qf6 33. Qxg6+ Qxg6 34. hxg6+ Kxg6 35. Rdxd6+ Rxd6 36. Rxd6+ Kf5 37. Rxa6 b4 38. Ra4 Bf8 39. Kg2 1-0

[Event "Belgorod Elo"]
[Site "Belgorod"]
[Date "2007.06.12"]
[Round "17"]
[White "Sergeev, Gennady"]
[Black "Krupoder, Sergey"]
[Result "1/2-1/2"]
[WhiteElo "2138"]
[BlackElo "2145"]
[PlyCount "35"]
[EventDate "2007.06.01"]
[EventType "tourn"]
[EventRounds "17"]
[EventCountry "RUS"]
[SourceTitle "EXT 2009"]
[Source "ChessBase"]
[SourceDate "2008.11.26"]
[SourceVersion "1"]
[SourceVersionDate "2008.11.26"]
[SourceQuality "1"]

1. e4 e6 2. Nf3 d5 3. d3 c5 4. Be2 dxe4 5. dxe4 Qxd1+ 6. Bxd1 Nc6 7. Nc3 Bd6 8. Be3 Nf6 9. Be2 0-0 10. 0-0 Ng4 11. Bg5 f6 12. Bh4 Nge5 13. Nxe5 Nxe5 14. f4 Nc6 15. Bf2 b6 16. Be3 Nd4 17. Bd3 Be7 18. Rad1 1/2-1/2

[Event "Belgorod Elo"]
[Site "Belgorod"]
[Date "2007.06.10"]
[Round "15"]
[White "Sergeev, Gennady"]
[Black "Zhirizhov, Vladimir"]
[Result "0-1"]
[WhiteElo "2138"]
[BlackElo "2036"]
[PlyCount "74"]
[EventDate "2007.06.01"]
[EventType "tourn"]
[EventRounds "17"]
[EventCountry "RUS"]
[SourceTitle "EXT 2009"]
[Source "ChessBase"]
[SourceDate "2008.11.26"]
[SourceVersion "1"]
[SourceVersionDate "2008.11.26"]
[SourceQuality "1"]

1. d4 Nf6 2. c4 g6 3. Nc3 Bg7 4. e4 d6 5. f3 0-0 6. Be3 b6 7. Qd2 c5 8. 0-0-0 cxd4 9. Bxd4 Be6 10. Kb1 Nc6 11. Be3 Ne5 12. Nd5 Rc8 13. Rc1 Qd7 14. Bd3 b5 15. b3 Nxd3 16. Qxd3 bxc4 17. bxc4 Bxd5 18. exd5 Qb7+ 19. Kc2 Nxd5 20. Kd1 Nxe3+ 21. Qxe3 d5 22. Ne2 Rxc4 23. Ke1 Qb2 24. Rxc4 dxc4 25. Kf2 c3 26. Kg3 Qb8+ 27. Kh3 Qc8+ 28. g4 f5 29. Rc1 fxg4+ 30. fxg4 h5 31. Qe4 hxg4+ 32. Kg2 Qc5 33. Nf4 Qf5 34. Qxf5 gxf5 35. Nd5 f4 36. Kf1 f3 37. Nxe7+ Kh7 0-1

[Event "Belgorod Elo"]
[Site "Belgorod"]
[Date "2007.06.07"]
[Round "12"]
[White "Sergeev, Gennady"]
[Black "Rozhdestvenskiy, Sergey"]
[Result "0-1"]
[WhiteElo "2138"]
[BlackElo "2093"]
[PlyCount "94"]
[EventDate "2007.06.01"]
[EventType "tourn"]
[EventRounds "17"]
[EventCountry "RUS"]
[SourceTitle "EXT 2009"]
[Source "ChessBase"]
[SourceDate "2008.11.26"]
[SourceVersion "1"]
[SourceVersionDate "2008.11.26"]
[SourceQuality "1"]

1. e4 e5 2. Nf3 Nc6 3. Bb5 a6 4. Ba4 Nf6 5. 0-0 b5 6. Bb3 Bb7 7. c3 Be7 8. Re1 0-0 9. d4 d6 10. Nbd2 Nd7 11. Nf1 exd4 12. cxd4 Na5 13. d5 Nxb3 14. axb3 Bf6 15. Nd4 Re8 16. Nf5 Nc5 17. N1g3 Bc8 18. f3 a5 19. b4 Na4 20. Qb3 axb4 21. Qxb4 Bd7 22. Be3 g6 23. Nh6+ Kg7 24. f4 Be7 25. f5 Bg5 26. Ng4 Bxe3+ 27. Rxe3 Qg5 28. Qd4+ f6 29. h3 Nb6 30. Rf1 Ra4 31. b4 Nc4 32. Rb3 Ra2 33. fxg6 Bxg4 34. hxg4 hxg6 35. Rbf3 Rf8 36. Rf4 Qe5 37. Qxe5 dxe5 38. R4f2 Rxf2 39. Rxf2 Ra8 40. g5 fxg5 41. Rf3 Ra2 42. Rc3 Rb2 43. Nh1 Rxb4 44. Nf2 Rb1+ 45. Kh2 Re1 46. Rb3 Re2 47. Kg1 Nd6 0-1

[Event "Belgorod Elo"]
[Site "Belgorod"]
[Date "2007.06.07"]
[Round "11"]
[White "Uzhva, Andrey Nikolaevich"]
[Black "Sergeev, Gennady"]
[Result "1/2-1/2"]
[WhiteElo "2208"]
[BlackElo "2138"]
[PlyCount "49"]
[EventDate "2007.06.01"]
[EventType "tourn"]
[EventRounds "17"]
[EventCountry "RUS"]
[SourceTitle "EXT 2009"]
[Source "ChessBase"]
[SourceDate "2008.11.26"]
[SourceVersion "1"]
[SourceVersionDate "2008.11.26"]
[SourceQuality "1"]

1. e4 c5 2. Nf3 Nc6 3. d4 cxd4 4. Nxd4 Nf6 5. Nc3 e6 6. Nxc6 bxc6 7. e5 Nd5 8. Ne4 Qc7 9. f4 Qb6 10. c4 Bb4+ 11. Ke2 f5 12. Nf2 Ba6 13. Kf3 Ne7 14. Be3 Bc5 15. Bxc5 Qxc5 16. Qd6 Qxd6 17. exd6 Ng6 18. Re1 Rb8 19. b3 c5 20. Nd3 Bb7+ 21. Kf2 Rc8 22. Be2 Be4 23. Kg3 0-0 24. Rd1 Bxd3 25. Rxd3 1/2-1/2

[Event "Belgorod Elo"]
[Site "Belgorod"]
[Date "2007.06.06"]
[Round "9"]
[White "Ivanov, Maxim"]
[Black "Sergeev, Gennady"]
[Result "1/2-1/2"]
[WhiteElo "1972"]
[BlackElo "2138"]
[PlyCount "116"]
[EventDate "2007.06.01"]
[EventType "tourn"]
[EventRounds "17"]
[EventCountry "RUS"]
[SourceTitle "EXT 2009"]
[Source "ChessBase"]
[SourceDate "2008.11.26"]
[SourceVersion "1"]
[SourceVersionDate "2008.11.26"]
[SourceQuality "1"]

1. c4 e6 2. Nf3 d5 3. cxd5 exd5 4. d4 Nf6 5. Nc3 Be7 6. g3 0-0 7. Bg2 c6 8. 0-0 h6 9. a3 a5 10. Re1 Bf5 11. Nd2 Nbd7 12. e4 dxe4 13. Ndxe4 Nxe4 14. Nxe4 Bxe4 15. Bxe4 Nf6 16. Bg2 Re8 17. Be3 Nd5 18. Qb3 Rb8 19. Bxd5 Qxd5 20. Qxd5 cxd5 21. Bf4 Rbc8 22. Re5 Rcd8 23. Rc1 Bf6 24. Rxe8+ Rxe8 25. Be3 b6 26. Rc6 Re6 27. Rc8+ Kh7 28. Rf8 Re7 29. Rb8 Re6 30. Rb7 Re4 31. Rxb6 Bxd4 32. Bxd4 Rxd4 33. Rb5 Rd1+ 34. Kg2 Rd2 35. b3 Rd3 36. a4 d4 37. Kf1 g6 38. h4 h5 39. Ke2 Rc3 40. Rxa5 Rxb3 41. Ra8 Kg7 42. Rd8 Rb4 43. a5 Ra4 44. Ra8 Ra3 45. a6 Kh7 46. Kd2 Kg7 47. Ke2 d3+ 48. Kd2 Kh7 49. f3 Kg7 50. a7 Kh7 51. g4 Kg7 52. Ke3 hxg4 53. fxg4 Kh7 54. h5 gxh5 55. gxh5 Kg7 56. Kd2 Kh7 57. h6 f6 58. Ke3 f5 1/2-1/2

[Event "Belgorod Elo"]
[Site "Belgorod"]
[Date "2007.06.05"]
[Round "8"]
[White "Sergeev, Gennady"]
[Black "Gorbunova, Alexandra"]
[Result "0-1"]
[WhiteElo "2138"]
[BlackElo "1969"]
[PlyCount "72"]
[EventDate "2007.06.01"]
[EventType "tourn"]
[EventRounds "17"]
[EventCountry "RUS"]
[SourceTitle "EXT 2009"]
[Source "ChessBase"]
[SourceDate "2008.11.26"]
[SourceVersion "1"]
[SourceVersionDate "2008.11.26"]
[SourceQuality "1"]

1. e4 g6 2. d4 Nf6 3. Nc3 d6 4. f4 Bg7 5. Nf3 c5 6. Bb5+ Bd7 7. Bxd7+ Nbxd7 8. 0-0 cxd4 9. Qxd4 0-0 10. e5 Ng4 11. Rd1 dxe5 12. fxe5 Ndxe5 13. Nxe5 Nxe5 14. Qb4 Nf3+ 15. gxf3 Bxc3 16. Rxd8 Bxb4 17. Rxf8+ Kxf8 18. Bh6+ Ke8 19. Rd1 Rd8 20. Rxd8+ Kxd8 21. c3 Bd6 22. Kg2 Kd7 23. Be3 a6 24. b4 b5 25. a3 h5 26. h4 Ke6 27. Kf2 Kd5 28. Ke2 Kc4 29. Kd2 Kb3 30. Bf2 Kxa3 31. Kc2 Ka4 32. Be1 a5 33. bxa5 Kxa5 34. Bf2 Ka4 35. Be3 Bg3 36. Bg5 f6 0-1

[Event "Belgorod Elo"]
[Site "Belgorod"]
[Date "2007.06.02"]
[Round "2"]
[White "Sergeev, Gennady"]
[Black "Miroshnikov, Evgenij V"]
[Result "0-1"]
[WhiteElo "2138"]
[BlackElo "1923"]
[PlyCount "100"]
[EventDate "2007.06.01"]
[EventType "tourn"]
[EventRounds "17"]
[EventCountry "RUS"]
[SourceTitle "EXT 2009"]
[Source "ChessBase"]
[SourceDate "2008.11.26"]
[SourceVersion "1"]
[SourceVersionDate "2008.11.26"]
[SourceQuality "1"]

1. e4 d6 2. d4 Nf6 3. Nc3 g6 4. f4 Bg7 5. Nf3 c5 6. e5 dxe5 7. dxe5 Qxd1+ 8. Kxd1 Ng4 9. Ke1 Bf5 10. h3 Nh6 11. g4 Bd7 12. Be3 Bc6 13. Kf2 Nd7 14. Rd1 a6 15. Bc4 e6 16. Rhe1 Bf8 17. Ng5 Be7 18. Nge4 Bh4+ 19. Ng3 Ng8 20. Rd6 Ne7 21. Red1 Nc8 22. R6d2 Ncb6 23. Be2 Rd8 24. g5 Ke7 25. b3 Nd5 26. Nxd5+ Bxd5 27. c4 Bc6 28. Bf3 Bxf3 29. Kxf3 Bxg3 30. Kxg3 b6 31. Rd6 Nb8 32. b4 cxb4 33. Bxb6 Rxd6 34. Rxd6 Rc8 35. c5 Nd7 36. Rd4 Nxb6 37. cxb6 a5 38. Kf3 Rc6 39. Rc4 Rxb6 40. Rc7+ Kf8 41. Ra7 b3 42. axb3 Rxb3+ 43. Kg4 Ra3 44. Ra8+ Kg7 45. Ra7 a4 46. Ra6 Ra1 47. Kg3 a3 48. Kg2 h6 49. h4 hxg5 50. hxg5 a2 0-1

[Event "Belgorod Elo"]
[Site "Belgorod"]
[Date "2007.06.02"]
[Round "3"]
[White "Tugolukov, Sergey"]
[Black "Sergeev, Gennady"]
[Result "1-0"]
[WhiteElo "2081"]
[BlackElo "2138"]
[PlyCount "61"]
[EventDate "2007.06.01"]
[EventType "tourn"]
[EventRounds "17"]
[EventCountry "RUS"]
[SourceTitle "EXT 2009"]
[Source "ChessBase"]
[SourceDate "2008.11.26"]
[SourceVersion "1"]
[SourceVersionDate "2008.11.26"]
[SourceQuality "1"]

1. d4 d5 2. c4 c6 3. cxd5 cxd5 4. Nc3 a6 5. Nf3 Nc6 6. Bg5 Nf6 7. e3 h6 8. Bh4 g5 9. Bg3 Ne4 10. Nxe4 dxe4 11. Nd2 Bf5 12. Be2 Bg7 13. h4 e5 14. hxg5 exd4 15. gxh6 dxe3 16. fxe3 Rxh6 17. Rxh6 Bxh6 18. Qb3 b5 19. Qc3 Rc8 20. Rd1 Qg5 21. Nf1 Bg7 22. Qa3 Be5 23. Bxe5 Nxe5 24. Qxa6 Nd3+ 25. Bxd3 exd3 26. Qxb5+ Kf8 27. Qb4+ Kg8 28. Qf4 Qxg2 29. Qg3+ Qxg3+ 30. Nxg3 Rc2 31. Nxf5 1-0

[Event "Belgorod Elo"]
[Site "Belgorod"]
[Date "2007.06.01"]
[Round "1"]
[White "Ananikian, Andrey Vladimirovic"]
[Black "Sergeev, Gennady"]
[Result "1/2-1/2"]
[WhiteElo "2061"]
[BlackElo "2138"]
[PlyCount "80"]
[EventDate "2007.06.01"]
[EventType "tourn"]
[EventRounds "17"]
[EventCountry "RUS"]
[SourceTitle "EXT 2009"]
[Source "ChessBase"]
[SourceDate "2008.11.26"]
[SourceVersion "1"]
[SourceVersionDate "2008.11.26"]
[SourceQuality "1"]

1. c4 Nf6 2. Nc3 d6 3. g3 g6 4. Bg2 Bg7 5. e4 0-0 6. Nge2 Nbd7 7. 0-0 c6 8. h3 e5 9. d4 c5 10. dxc5 Nxc5 11. Be3 Be6 12. b3 Ne8 13. Qd2 f5 14. Kh2 Qd7 15. exf5 gxf5 16. Bxc5 dxc5 17. Qxd7 Bxd7 18. Bxb7 Rb8 19. Bd5+ Kh8 20. Rad1 Nc7 21. Bf3 Rbd8 22. Nd5 Bc6 23. Nec3 e4 24. Nxc7 Bxc3 25. Bh5 Bd7 26. f3 e3 27. f4 Bd4 28. Rfe1 Rf6 29. Nd5 Re6 30. Rd3 Be8 31. Bxe8 Rexe8 32. Kg2 Re4 33. Kf3 Ree8 34. Ke2 a5 35. Nc3 Re6 36. Nb5 Ree8 37. Red1 Re4 38. Nc3 Re6 39. Na4 Rg8 40. Rg1 Rh6 1/2-1/2

[Event "Suvorov-ch"]
[Site "Suvorov"]
[Date "2007.01.29"]
[Round "6"]
[White "Tkachev, Alexander"]
[Black "Sergeev, Gennady"]
[Result "1-0"]
[WhiteElo "2259"]
[BlackElo "2132"]
[PlyCount "117"]
[EventDate "2007.01.24"]
[EventType "swiss"]
[EventRounds "9"]
[EventCountry "RUS"]
[SourceTitle "EXT 2019"]
[Source "ChessBase"]
[SourceDate "2018.10.10"]
[SourceVersion "1"]
[SourceVersionDate "2018.10.10"]
[SourceQuality "1"]

1. e4 e5 2. Nf3 Nc6 3. d4 exd4 4. Nxd4 Bc5 5. Nxc6 Qf6 6. Qd2 Qxc6 7. Nc3 Nf6 8. Bb5 Qe6 9. 0-0 0-0 10. Qg5 Be7 11. Qg3 d6 12. Bg5 Qg4 13. Qe3 h6 14. Bf4 c6 15. Be2 Qg6 16. Bd3 Qh5 17. Qg3 Rd8 18. Rad1 Qg4 19. Qe3 Nh5 20. Bg3 Nxg3 21. hxg3 Bg5 22. f4 Bf6 23. Be2 Qe6 24. g4 Bxc3 25. bxc3 f6 26. g5 f5 27. gxh6 Qxh6 28. e5 d5 29. Kf2 Qh4+ 30. g3 Qe7 31. Bh5 Qe6 32. Rh1 g6 33. Qe2 Kg7 34. Bf3 Bd7 35. c4 Be8 36. Qf1 Bf7 37. cxd5 cxd5 38. Qb5 Qc6 39. Qxc6 bxc6 40. Rb1 Rab8 41. Ke3 c5 42. a3 Rb6 43. Rxb6 axb6 44. Rb1 Rb8 45. c3 Kf8 46. Rd1 Rd8 47. a4 Ra8 48. Bxd5 Bxd5 49. Rxd5 Rxa4 50. Rd6 Kf7 51. Rxb6 Re4+ 52. Kd3 c4+ 53. Kd2 Kg7 54. Rd6 Kf7 55. Rd4 Ke6 56. Rxe4 fxe4 57. Ke3 Kf5 58. g4+ Kxg4 59. Kxe4 1-0

[Event "Suvorov-ch"]
[Site "Suvorov"]
[Date "2007.01.28"]
[Round "5"]
[White "Sergeev, Gennady"]
[Black "Sorbucheva, Iraida"]
[Result "1-0"]
[WhiteElo "2132"]
[BlackElo "2020"]
[PlyCount "87"]
[EventDate "2007.01.24"]
[EventType "swiss"]
[EventRounds "9"]
[EventCountry "RUS"]
[SourceTitle "EXT 2019"]
[Source "ChessBase"]
[SourceDate "2018.10.10"]
[SourceVersion "1"]
[SourceVersionDate "2018.10.10"]
[SourceQuality "1"]

1. e4 e6 2. d4 d5 3. e5 c5 4. c3 Nc6 5. Nf3 Qb6 6. a3 c4 7. Nbd2 Na5 8. Be2 Bd7 9. 0-0 Ne7 10. Rb1 Nf5 11. Re1 Be7 12. g4 Nh6 13. h3 0-0 14. Nf1 Nb3 15. Be3 Qd8 16. N1d2 Na5 17. Qc2 Rc8 18. Bf4 Bc6 19. Kg2 b6 20. h4 Nxg4 21. Ng5 Bxg5 22. hxg5 Nxe5 23. Bxe5 Qxg5+ 24. Bg3 Qe7 25. Rh1 g6 26. Rbe1 h5 27. Reg1 Qg5 28. Nf3 Qf5 29. Qxf5 exf5 30. Kf1 Kg7 31. Bd6 Rfd8 32. Bf4 Kf8 33. Ne5 Re8 34. Bf3 Bb7 35. Bg5 Re6 36. Nd7+ Kg7 37. Bxh5 Rc7 38. Ne5 Nc6 39. Bh6+ Kxh6 40. Bxg6+ Kg7 41. Bxf7+ Kf6 42. Rh6+ Ke7 43. Rxe6+ Kf8 44. Re8# 1-0

[Event "Suvorov-ch"]
[Site "Suvorov"]
[Date "2007.01.24"]
[Round "1"]
[White "Sergeev, Gennady"]
[Black "Rakovich, Viktor"]
[Result "1-0"]
[WhiteElo "2132"]
[BlackElo "1995"]
[PlyCount "25"]
[EventDate "2007.01.24"]
[EventType "swiss"]
[EventRounds "9"]
[EventCountry "RUS"]
[SourceTitle "EXT 2019"]
[Source "ChessBase"]
[SourceDate "2018.10.10"]
[SourceVersion "1"]
[SourceVersionDate "2018.10.10"]
[SourceQuality "1"]

1. e4 c5 2. d4 cxd4 3. c3 dxc3 4. Nxc3 e5 5. Nf3 Nc6 6. Bc4 Bb4 7. Ng5 Nh6 8. 0-0 0-0 9. Nd5 Bc5 10. Nf3 Ng4 11. Bg5 Qa5 12. a3 h6 13. b4 1-0

[Event "Tula Afromeev Memorial"]
[Site "Tula"]
[Date "2006.07.08"]
[Round "14"]
[White "Krasnov, Yury"]
[Black "Sergeev, Gennady"]
[Result "1-0"]
[WhiteElo "2368"]
[BlackElo "2269"]
[PlyCount "69"]
[EventDate "2006.06.30"]
[EventType "tourn"]
[EventRounds "15"]
[EventCountry "RUS"]
[EventCategory "7"]
[SourceTitle "EXT 2008"]
[Source "ChessBase"]
[SourceDate "2007.11.25"]
[SourceVersion "1"]
[SourceVersionDate "2007.11.25"]
[SourceQuality "1"]

1. e4 e5 2. Nf3 Nc6 3. Nc3 Nf6 4. Bb5 Bb4 5. 0-0 d6 6. Nd5 Ba5 7. d4 Nxe4 8. Qe2 f5 9. dxe5 dxe5 10. Rd1 0-0 11. Bxc6 bxc6 12. Nb6 Qxd1+ 13. Qxd1 Bxb6 14. Be3 Bxe3 15. fxe3 Re8 16. Qd3 Rb8 17. Nxe5 Rxb2 18. Qc4+ Be6 19. Qxc6 Rbb8 20. a4 Rbc8 21. a5 Re7 22. Qb7 Rce8 23. Qxa7 c5 24. Qb6 Bd5 25. Nd3 Rb7 26. Qa6 Reb8 27. h3 Rc7 28. Ne5 Ra8 29. Qd3 Be6 30. a6 Re7 31. Qb5 Bd5 32. c4 Rxe5 33. cxd5 Rxd5 34. Qc4 Nf6 35. Rd1 1-0

[Event "Tula Afromeev Memorial"]
[Site "Tula"]
[Date "2006.07.07"]
[Round "12"]
[White "Pendurin, Evgeniy"]
[Black "Sergeev, Gennady"]
[Result "1/2-1/2"]
[WhiteElo "2114"]
[BlackElo "2269"]
[PlyCount "31"]
[EventDate "2006.06.30"]
[EventType "tourn"]
[EventRounds "15"]
[EventCountry "RUS"]
[EventCategory "7"]
[SourceTitle "EXT 2008"]
[Source "ChessBase"]
[SourceDate "2007.11.25"]
[SourceVersion "1"]
[SourceVersionDate "2007.11.25"]
[SourceQuality "1"]

1. e4 e5 2. Nf3 Nf6 3. Nxe5 d6 4. Nf3 Nxe4 5. Qe2 Qe7 6. d3 Nf6 7. Bg5 Qxe2+ 8. Bxe2 Be7 9. 0-0 0-0 10. d4 h6 11. Bf4 Bf5 12. c3 c6 13. Nbd2 d5 14. Rfe1 Re8 15. Nb3 Nbd7 16. Rad1 1/2-1/2

[Event "Tula Afromeev Memorial"]
[Site "Tula"]
[Date "2006.07.04"]
[Round "8"]
[White "Arakeljan, Armen M"]
[Black "Sergeev, Gennady"]
[Result "1-0"]
[WhiteElo "2314"]
[BlackElo "2269"]
[PlyCount "43"]
[EventDate "2006.06.30"]
[EventType "tourn"]
[EventRounds "15"]
[EventCountry "RUS"]
[EventCategory "7"]
[SourceTitle "EXT 2008"]
[Source "ChessBase"]
[SourceDate "2007.11.25"]
[SourceVersion "1"]
[SourceVersionDate "2007.11.25"]
[SourceQuality "1"]

1. e4 c5 2. d4 cxd4 3. c3 dxc3 4. Nxc3 Nc6 5. Nf3 d6 6. Bc4 Nf6 7. e5 d5 8. Bb5 Nd7 9. Qxd5 e6 10. Qc4 Qc7 11. 0-0 a6 12. Bxc6 Qxc6 13. Qf4 b5 14. Rd1 Bb7 15. a3 Be7 16. Qg3 g5 17. Be3 h6 18. Rac1 Nc5 19. Ne2 a5 20. Rd6 Bxd6 21. exd6 Ne4 22. Qe5 1-0

[Event "Tula Afromeev Memorial"]
[Site "Tula"]
[Date "2006.07.04"]
[Round "7"]
[White "Zaitsev, Alexander"]
[Black "Sergeev, Gennady"]
[Result "1-0"]
[WhiteElo "2431"]
[BlackElo "2269"]
[PlyCount "79"]
[EventDate "2006.06.30"]
[EventType "tourn"]
[EventRounds "15"]
[EventCountry "RUS"]
[EventCategory "7"]
[SourceTitle "EXT 2008"]
[Source "ChessBase"]
[SourceDate "2007.11.25"]
[SourceVersion "1"]
[SourceVersionDate "2007.11.25"]
[SourceQuality "1"]

1. e4 d5 2. exd5 Qxd5 3. Nc3 Qd8 4. Nf3 Nf6 5. d4 Nbd7 6. Bd3 e6 7. 0-0 Bb4 8. Ne5 c6 9. Qf3 0-0 10. Qg3 c5 11. Be3 cxd4 12. Bxd4 Nc5 13. Rfd1 Nxd3 14. Rxd3 Nh5 15. Qg4 Nf6 16. Qg5 h6 17. Qg3 Nh5 18. Qe3 Qg5 19. Ne4 Qxe3 20. Bxe3 Be7 21. Rad1 b6 22. Nc6 Bh4 23. Nd6 Bf6 24. f4 g5 25. fxg5 hxg5 26. Bd4 Bd7 27. Bxf6 Nxf6 28. Ne5 Ba4 29. b3 Be8 30. Rf1 Nd7 31. Nxd7 Bxd7 32. Ne4 Bc8 33. Rg3 f5 34. Nxg5 Rf6 35. Nxe6+ Kf7 36. Ng5+ Kg7 37. c4 Bd7 38. Nf3+ Kh7 39. Ne5 Be6 40. Rh3+ 1-0

[Event "Tula Afromeev Memorial"]
[Site "Tula"]
[Date "2006.07.03"]
[Round "6"]
[White "Sergeev, Gennady"]
[Black "Saulin, Dmitri"]
[Result "0-1"]
[WhiteElo "2269"]
[BlackElo "2471"]
[PlyCount "60"]
[EventDate "2006.06.30"]
[EventType "tourn"]
[EventRounds "15"]
[EventCountry "RUS"]
[EventCategory "7"]
[SourceTitle "EXT 2008"]
[Source "ChessBase"]
[SourceDate "2007.11.25"]
[SourceVersion "1"]
[SourceVersionDate "2007.11.25"]
[SourceQuality "1"]

1. e4 d5 2. exd5 Nf6 3. Bb5+ Bd7 4. Bc4 Bg4 5. f3 Bf5 6. Nc3 Nbd7 7. Nge2 Nb6 8. Bb3 Nbxd5 9. Nxd5 Nxd5 10. d4 e6 11. 0-0 Be7 12. c3 0-0 13. Ng3 Bg6 14. Bc2 Bxc2 15. Qxc2 c5 16. dxc5 Bxc5+ 17. Kh1 Qc7 18. Ne4 Rfd8 19. Nxc5 Qxc5 20. Qb3 a5 21. a4 Ra6 22. Qxb7 Rb6 23. Qa7 Qc6 24. c4 Qxc4 25. Be3 Rbb8 26. Bf2 Ra8 27. Qd4 Qa6 28. Rfd1 Rdb8 29. Qd2 Rb4 30. Bc5 Rc4 0-1

[Event "Tula Afromeev Memorial"]
[Site "Tula"]
[Date "2006.06.30"]
[Round "1"]
[White "Gusev, Aleksey"]
[Black "Sergeev, Gennady"]
[Result "1-0"]
[WhiteElo "2394"]
[BlackElo "2269"]
[PlyCount "77"]
[EventDate "2006.06.30"]
[EventType "tourn"]
[EventRounds "15"]
[EventCountry "RUS"]
[EventCategory "7"]
[SourceTitle "EXT 2008"]
[Source "ChessBase"]
[SourceDate "2007.11.25"]
[SourceVersion "1"]
[SourceVersionDate "2007.11.25"]
[SourceQuality "1"]

1. e4 e5 2. Nf3 Nc6 3. Bc4 Bc5 4. b4 Bxb4 5. c3 Bc5 6. d4 exd4 7. 0-0 dxc3 8. Bxf7+ Kxf7 9. Qd5+ Kf8 10. Qxc5+ d6 11. Qxc3 Qf6 12. Ba3 Qxc3 13. Nxc3 Nge7 14. Nb5 Bg4 15. Nxc7 Rc8 16. Bxd6 Bxf3 17. gxf3 Kf7 18. Rab1 b6 19. Nb5 Ke6 20. f4 g6 21. Rfd1 Rhd8 22. h4 Rd7 23. h5 Rg8 24. hxg6 Rxg6+ 25. Kf1 Rg4 26. f5+ Kf7 27. f3 Rg8 28. Bf4 Rxd1+ 29. Rxd1 h5 30. Rd7 a6 31. Nd6+ Kf6 32. Bd2 Rg3 33. Bc3+ Ne5 34. Ke2 Rg2+ 35. Ke3 Rg3 36. Ne8+ Kf7 37. Bxe5 Kxe8 38. Rxe7+ Kxe7 39. Bxg3 1-0

[Event "Tula Igriashvili Memorial"]
[Site "Tula "]
[Date "2006.04.03"]
[Round "13"]
[White "Novikov, Maxim"]
[Black "Sergeev, Gennady"]
[Result "1-0"]
[WhiteElo "2518"]
[BlackElo "2412"]
[PlyCount "71"]
[EventDate "2006.03.26"]
[EventType "tourn"]
[EventRounds "14"]
[EventCountry "RUS"]
[EventCategory "8"]
[SourceTitle "EXT 2008"]
[Source "ChessBase"]
[SourceDate "2007.11.25"]
[SourceVersion "1"]
[SourceVersionDate "2007.11.25"]
[SourceQuality "1"]

1. e4 b6 2. d4 Bb7 3. Bd3 e6 4. Nf3 Nf6 5. Qe2 d5 6. e5 Nfd7 7. Bg5 Be7 8. h4 h6 9. Bxe7 Qxe7 10. Nbd2 c5 11. c3 c4 12. Bc2 b5 13. h5 a5 14. Rh3 Nc6 15. Rg3 Qf8 16. Nh4 b4 17. Ba4 Nb6 18. Bb5 Rc8 19. Qg4 Rg8 20. Rf3 Kd7 21. Qf4 Ke7 22. Qe3 Kd7 23. Rf4 Qe7 24. Qf3 Rcf8 25. cxb4 axb4 26. a4 Kc7 27. a5 Nc8 28. a6 Ba8 29. Bxc6 Bxc6 30. a7 Ba8 31. Nxc4 dxc4 32. Qxa8 Nb6 33. Qf3 Nd5 34. a8Q Rxa8 35. Rxa8 Rxa8 36. Rxf7 1-0